000 02127nam0a2200421 4500
001 RU\NLR\bibl\813435
005 20260407145536.0
010 _a5-93064-088-2
_9300
021 _aRU
_b2005-9872
_9512
035 _aEL/0000013204
035 _aRUSMED\0000031118
035 _a(NLR Aleph) 000802485
090 _a1190058
_c1190058
100 _a20050316d2004 |||y0rusy50 ca
101 0 _arus
102 _aRU
105 _aa |||||||||
200 1 _aОрганизация специальной обработки пораженных при ликвидации медико-санитарных последствий химических аварий
_eпракт. пособие
_fМ-во здравоохранения и соц. развития Рос. Федерации, Всерос. центр медицины катастроф "Защита"
_g[И. В. Воронцов и др.]
210 _aМ.
_cВЦМК "Защита"
_d2004
215 _a116 с.
_cил.
_d21
300 _aАвт. указаны на обороте тит. л.
606 1 _aМедико-санитарное обслуживание при авариях на химических заводах
_jРуководства, пособия и т.п.
_92223654
_3RU\NLR\auth\661335062
606 1 _aХимические заводы
_jРуководства, пособия и т.п.
_xАварии
_xМедико-санитарное обслуживание населения
_92223648
_3RU\NLR\auth\661335059
675 _a614.87(035)
_vudc
686 _a81.93.23
_2rugasnti
686 _a76.01.33
_2rugasnti
686 _aG03.230.100.035
_2MeSH
686 _aJ01.576.207
_2MeSH
686 _aG03.850.460
_2MeSH
686 _aР11(2)23я7
702 1 _aВоронцов
_bИ. В.
_gИгорь Васильевич
_4220
712 0 2 _4570
_a"Защита", всероссийский центр медицины катастроф
_9542603
_3RU\NLR\AUTH\8810022299
801 0 _aRU
_bЦНМБ
_c20050316
_gPSBO
801 1 _aRU
_bЦНМБ
_c20050316
801 2 _aRU
_bNLR
_c20050627
_gPSBO
942 _cBOOK
980 _aNB